Biblioteca

Historia del cristianismo evangélico en Colombia. (Registro nro. 44295)

Detalles MARC
000 -LÍDER
Campo fijo de descripción fija 016220000a22002890004500
001 - NÚMERO DE CONTROL
Campo de control 768714001
003 - IDENTIFICADOR DEL NÚMERO DE CONTROL
Campo de control CO-MdFUSB
005 - FECHA Y HORA DE LA ULTIMA TRANSACCIÓN
control field 20191021154454.0
008 - ELEMENTOS DE LONGITUD FIJA -- INFORMACIÓN GENERAL
Campo fijo de descripción fija -- Información general 191021b ||||| |||| 00| 0 eng d
020 ## - NÚMERO INTERNACIONAL NORMALIZADO PARA LIBROS
Número Internacional Normalizado del libro 9789588691312
040 ## - FUENTE DE CATALOGACIÓN
Idioma de catalogación spa.
Agencia de catalogación original CO-MdFUSB
Agencia que realiza la transcripción CO-MdFUSB
Agencia que realiza la modificación CO-MdFUSBC
Convenciones de la descripción rda
041 ## - CÓDIGO DE IDIOMA
Código de idioma para texto/pista de sonido o título separado spa
082 04 - NÚMERO DE CLASIFICACIÓN DECIMAL DEWEY
Número de clasificación 26
Número de la edición del Dewey G 278.2086
Clave de autor-Numero de item O656i
100 1# - ASIENTO PRINCIPAL--NOMBRE PERSONAL
Nombre personal Ordóñez, Francisco
Término relacionador autor
245 10 - TÍTULO
Título del Material Historia del cristianismo evangélico en Colombia.
Mención de responsabilidad, etc. / Francisco Ordóñez
264 #1 - PRODUCCIÓN, PUBLICACIÓN, DISTRIBUCIÓN, MANUFACTURA, Y COPYRIGHT
Lugar de producción, publicación, distribución, manufactura Bogotá :
Nombre del productor, publicador, distribuidor Centros de Literatura Cristiana,
Fecha de producción, publicación, distribución, manufactura, o copyright [2011]
300 ## - DESCRIPCIÓN FÍSICA
Extensión 510 páginas
Dimensiones ; 21 cm
336 ## - TIPO DE CONTENIDO
Término de tipo de contenido texto
Código de tipo de contenido txt
Fuente rdacontent
337 ## - TIPO DE MEDIO
Fuente rdamedia
Nombre del tipo de medio sin mediación
Código del tipo de medio n
338 ## - TIPO DE SOPORTE
Fuente rdacarrier
Nombre del tipo de soporte volumen
Código Tipo de soporte nc
500 ## - NOTA GENERAL
Nota General Publicado originalmente por la Alianza Cristiana y Misionera de Colombia, Armenia.
505 ## - NOTA DE CONTENIDO
Nota de contenido con formato preestablecido : Nuestra presencia histórica -- Un principio desconcertante -- Un ex fraile predica el evangelio en Cartagena -- Labores del Dr. Henry Barrington Pratt -- La primera iglesia evangélica en Colombia -- Labores en Barranquilla y otros lugares de la Costa del Caribe -- La obra en Cartagena y otros lugares de Bolívar -- La obra en Medellín y otros lugares del Occidente -- La obra en Bucaramanga y otros lugares del oriente -- La obra en Tolima y la Región Suroeste de Cundinamarca -- Desarrollo de la obra Presbiteriana en el País -- La Alianza Evangélica -- Principios de la Obra en Nariño.
563 ## - NOTA DE ENCUADERNACIÓN
Nota de encuadernación Rústico
650 14 - ASIENTO SECUNDARIO DE MATERIA - TERMINO TEMÁTICO
Término temático o nombre geográfico como elemento de entrada IGLESIA - HISTORIA - AMERICA LATINA - COLOMBIA \ IGLESIA - COLOMBIA - HISTORIA - SIGLO XIX - XX - IGLESIA EVANGELICA EN COLOMBIA
942 ## - TIPO DE MATERIAL (KOHA)
Tipo de Item KOHA Libros General
945 ## - INFORMACIÓN LOCAL DEL REGISTRO
Catalogador JTF-925
Existencias
Estado de Material Estado de Perdido Forma de Clasificación Estado de Dañado No para Préstamo Colección Tomo Biblioteca de Origen Biblioteca Permanente Fecha de Adquisición Total de Préstamos Total de Renovaciones Signatura Topográfica Código de Barras Última vez visto Última vez Préstado Ejemplar/Existencia Fecha de Remplazo Tipo de Material
    Dewey Decimal Classification     Colección General   Biblioteca FUSBC Biblioteca FUSBC 31/07/2012 17 6 G 278.2086 O656i 17655 22/08/2025 23/03/2024 Ej. 1 26/01/2016 Libros General
    Dewey Decimal Classification     Colección Patrimonial   Biblioteca FUSBC Biblioteca FUSBC 25/09/2013 7 4 G 278.2086 O656i 18002 02/03/2022 14/02/2020 Ej. 3 26/01/2016 Libros General
    Dewey Decimal Classification     Colección General   Biblioteca FUSBC Biblioteca FUSBC 31/07/2012 8   G 278.2086 O656i 17658 22/03/2024 22/03/2024 Ej. 2 26/01/2016 Libros General
    Dewey Decimal Classification     Colección Patrimonial   Biblioteca FUSBC Biblioteca FUSBC 27/02/2026     G 278.2086 O656i 23976 27/02/2026   Ej. 4 26/01/2016 Libros General

Biblioteca FUSBC | Teléfono: (57+4) 349 88 10 Ext. 141| WhatsApp (+57) 3005338115 
E-mail: biblioteca@unisbc.edu.co | Calle 76 87-14 Robledo Palenque, Medellín, Colombia

Con tecnología Koha